【プロ野球】 替え歌応援歌(1) - Statistics

General Stats
  • This quiz has been taken 68 times
  • The average score is 9 of 15
Answer Stats
応援歌 選手名 % Correct
誰より高く 積まれた札束 4億5000万が君の味方だ さぁお金で釣ろう 〇〇〇〇 丸佳浩
87%
醤油に餃子 帆立に味噌付けて 輝くメシに タレ付けろ〇〇 吉川尚輝
85%
叩けボールをミートで 叩けボールをミートでボールをミートで 叩けミートボールを 上林誠知
83%
一振りでアウト 2つ〇〇 熱きその想い セカンドへ 新井貴浩
80%
鬼は〇〇 鬼は〇〇 2月3日は豆まきだ投げつけてやれ パワフルビーンズ ソト
73%
誰しもが これ忘れがち 〇〇〇〇 お前の氏名 大和
72%
見えない力が 働いて 打率は毎年 2割7分 源田壮亮
72%
生まれ持つバトルフェイス 今ここで見せろ 白米はあげはしない 〇〇〇〇 立浪和義
63%
海の野菜 海の野菜 昆布をお届けだ食卓の明日を担え 輝け〇〇 田中浩康
52%
踊るぜ〇〇は 踊るぜ〇〇は踊るぜ〇〇は 踊るぜ〇〇は 川﨑宗則
52%
小銭を持ってレッツゴー 行くぜ近くのミスド夢に描いたドーナツ 〇〇〇〇腹ペコ 森野将彦
48%
イケメン高学歴 俊足地元出身 燃える男部長〇〇 バント下手 早川大輔
43%
浜風に吹かれて 香ばしく召し上がれムニエル 世界変える料理 グリエル
40%
駆け抜けるダイヤモンド ベースを踏み忘れ轟き渡る歓声が 今静まり返る 鈴木尚典
35%
この打席でキメる この打席でキメるこの打席でキメる この打席でキメる 森岡良介
27%
No matching quizzes found
Score Distribution
Percent of People with Each Score
Percentile by Number Answered
Your Score History
You have not taken this quiz